| 000 | 00599nam a2200193Ia 4500 | ||
|---|---|---|---|
| 003 | GCL | ||
| 008 | 140319s9999 xx 000 0 eng d | ||
| 040 |
_aGCL / _cGCL |
||
| 082 | 0 | 4 |
_aP _b300.5 _bK E |
| 100 | 1 | _aEL KATSHHA,SAMIHA | |
| 245 | 1 | 0 |
_aTHE EMPOWERMENT OF WOMEN: WATER AND SANITATION INITIATIVES IN RURAL EGYPT / _cEL KATSHHA,SAMIHA |
| 700 | 1 | _aWATTS, SUSAN | |
| 260 |
_a[S.N] : _bAMERICAN UNIVERSITY IN CAIRO PRESS ، _c1993 |
||
| 300 | _a99 | ||
| 490 |
_aTHE WADSWORTH INTERNATIONAL DIMENSION OF BUSINESS _v0 |
||
| 650 | 0 | 4 | _aPERIODICALS |
| 650 | 0 | 4 | _aSOCIAL SCIENCE |
| 942 |
_2ddc _cCR |
||
| 999 |
_c25847 _d25847 |
||